| 000 | 01341cam a2200409Mi 4500 | ||
|---|---|---|---|
| 001 | 103777 | ||
| 005 | 20230410132823.0 | ||
| 008 | 980716s1997 fr 000 0 fre d | ||
| 035 | _a(OCoLC)ocn245685592 | ||
| 040 |
_aGyGoGBV _erakwb _bger _cGBVCP _dCHVBK |
||
| 020 | _a2707127906 | ||
| 020 | _a9782707127907 | ||
| 029 | 1 |
_aCHVBK _b015027953 |
|
| 029 | 1 |
_aCHVBK _b112876420 |
|
| 035 | _a(OCoLC)245685592 | ||
| 049 | _aGRAL | ||
| 050 | 1 | 4 | _a1erAPT1erB186 e1997 |
| 100 | 1 |
_aBalibar, Étienne, _d1942-. |
|
| 130 | 1 | _aCollection La Decouverte | |
| 245 | 1 | 0 |
_aRace, nation, classe : _bles identités ambigues / _cEtienne Balibar; Immanuel Wallerstein. |
| 250 | _a2a ed. | ||
| 260 |
_aParis : _bEd. La Découverte & Syros, _c1997. |
||
| 300 | _aii, 307 p. | ||
| 490 | 1 |
_aLa Decouverte/poche ; _v42 _aScience humaines et sociales |
|
| 650 | 4 |
_aKlassenkampf _xNationalismus _xRassismus _vAufsatzsammlung. |
|
| 650 | 7 |
_aRassismus. _2idsbb |
|
| 650 | 7 |
_aNationalismus. _2idsbb |
|
| 650 | 7 |
_aRassenbeziehung. _2idsbb |
|
| 650 | 7 |
_aKlasse. _2idsbb |
|
| 100 | 1 |
_aWallerstein, Immanuel Maurice, _d1930- |
|
| 730 | 0 | _aCollection La Decouverte | |
| 830 | 3 |
_aLa Découverte/poche ; _v42 _aScience humaines et sociales. |
|
| 856 | 4 | _uhttp://www.gbv.de/dms/sub-hamburg/246537515.pdf | |
| 942 | _2lcc | ||
| 946 | _aKK | ||
| 994 |
_aC0 _bDRFGD |
||
| 999 |
_c88337 _d88337 |
||